| 000 | 01055nam a2200277 i 4500 | ||
|---|---|---|---|
| 001 | bg | ||
| 100 | 1 | _aDYREKTYWA, | |
| 245 | 0 | 0 |
_aVI Dyrektywa VAT : _bkomentarz do Dyrektyw Rady Unii Europejskiej dotyczących wspólnego systemu podatku od wartości dodanej / _cpod red. Krzysztofa Sachsa ; aut. Agnieszka Blachowicz [et al.]. |
| 250 | _aStan prawny styczeń 2003 r. | ||
| 260 |
_aWarszawa : _bC. H. Beck, _c2004. |
||
| 300 |
_aXXIX, 1020 s. ; _c23 cm. |
||
| 490 | 1 | _aPodatkowe Komentarze Becka | |
| 504 | _aWykaz aktów prawnych. Indeks. | ||
| 650 | 9 |
_aPodatek od towarów i usług _xprawo wspólnotowe europejskie _ystan na 2003 r. |
|
| 700 | 1 |
_aSACHS, Krzysztof. _eRed. |
|
| 700 | 1 | _aBLACHOWICZ, Agnieszka | |
| 830 | _aPodatkowe Komentarze Becka | ||
| 020 | _a8373870423 | ||
| 040 | _cBPK | ||
| 041 | 0 | _apol | |
| 080 | _a336.226.322(4-67)(094.5.07) | ||
| 920 | _a83-7387-042-3 | ||
| 942 | _cKS | ||
| 008 | s pl f |000 0 pol | ||
| 999 |
_c45604 _d45604 |
||
| 856 |
_uhttp://koha.tu.koszalin.pl/cgi-bin/koha/opac-detail.pl?biblionumber=45604 _yKatalog online BPK |
||